Sportifs Japonais - Mort Subite - Statistiques

Statistiques générales
  • Ce quiz a été pris 93 fois
  • Le résultat moyen est 4 sur 24
Answers on the Grid
Answers color-coded by a green-red scale on the quiz's grid according to % correct below.
Kaito Toba
Ai Ogura
Hayao Miyazaki
Tomokazu Harimoto
Jun Marques Davidson
Jackie Chan
Taiyo Furusato
Hiroshi Aoyama
Fuchi Honda
Takeshi Kitano
Koki Niwa
Michihisa Date
Shoya Tomizawa
Shuhei Aoyama
Gackt Camui
Ryūichi Sakamoto
Kei Nishikori
Sho Tsuboi
Takuma Sato
Jion Kabira
Takaaki Nakagami
Daijiro Kato
Kyushu Hokkaido
Kamui Kobayashi
Fukui Suzuki
Akito Watabe
Noriyuki Haga
Yuki Tsunoda
Aomori Shikoku
Tetsuta Nagashima
Shiba Inu
Jun Mizutani
Mikito Tachizaki
Yuki Takahashi
Paki Chenzu
Takahiro Moriuchi
 
Statistiques - réponses
Réponse % Correct
Kei Nishikori
57%
Yuki Tsunoda
53%
Takuma Sato
33%
Akito Watabe
28%
Kamui Kobayashi
24%
Takaaki Nakagami
22%
Tomokazu Harimoto
22%
Kaito Toba
21%
Yuki Takahashi
19%
Ai Ogura
17%
Fuchi Honda
17%
Mikito Tachizaki
15%
Daijiro Kato
14%
Hiroshi Aoyama
13%
Tetsuta Nagashima
11%
Jun Marques Davidson
10%
Taiyo Furusato
10%
Jun Mizutani
8%
Noriyuki Haga
8%
Shoya Tomizawa
8%
Shuhei Aoyama
8%
Koki Niwa
7%
Sho Tsuboi
7%
Michihisa Date
4%
Aucun quiz correspondant
Distribution des résultats
% des personnes avec chaque résultat
Percentile par nombre de réponses
Votre historique - résultats
Vous n’avez pas pris ce quiz